10 Most Populous Prefectures of Japan - Statistics

General Stats
  • This quiz has been taken 356 times
  • The average score is 8 of 10
Answer Stats
Population Prefecture % Correct
13,195,974 Tokyo
100%
8,861,012 Osaka
97%
5,485,952 Hokkaido
91%
6,214,148 Chiba
85%
7,207,139 Saitama
83%
5,079,291 Fukuoka
81%
9,058,094 Kanagawa
78%
7,416,336 Aichi
71%
5,581,968 Hyogo
69%
3,749,274 Shizuoka
67%
No matching quizzes found
Score Distribution
Percent of People with Each Score
Percentile by Number Answered
Your Score History
You have not taken this quiz